|
|
|
|
| LEADER |
00000nam a2200000 i 4500 |
| 001 |
DIGDYK2506 |
| 003 |
NyNyDIG |
| 007 |
cr ||||||||||| |
| 008 |
230410s2021 sp ob 000 0 spa d |
| 006 |
m o d |
| 035 |
|
|
|a (OCoLC)1377521999
|
| 040 |
|
|
|a DGITA
|b eng
|e rda
|e pn
|c DGITA
|
| 020 |
|
|
|a 9788413778532
|q eBook
|q pdf
|
| 020 |
|
|
|z 9788413777412
|
| 024 |
7 |
|
|a 090-21-174-2
|q eNIPO
|2 nipo
|
| 024 |
7 |
|
|z 090-21-173-7
|2 nipo
|
| 043 |
|
|
|a e-sp---
|
| 050 |
1 |
4 |
|a KKT500 ebook
|
| 245 |
0 |
0 |
|a Comentarios a las sentencias de unificación de doctrina (civil y mercantil).
|n Volumen 12º (2020) /
|c Mariano Yzquierdo Tolsada (director) ; Marien Aguilera Morales [and 22 others].
|
| 264 |
|
1 |
|a Madrid :
|b Editorial BOE :
|b Dykinson, S.L.,
|c [2021]
|
| 300 |
|
|
|a 1 online resource.
|
| 336 |
|
|
|a text
|b txt
|2 rdacontent
|
| 337 |
|
|
|a computer
|b c
|2 rdamedia
|
| 338 |
|
|
|a online resource
|b cr
|2 rdacarrier
|
| 347 |
|
|
|a text file
|2 rdaft
|
| 347 |
|
|
|b PDF
|
| 504 |
|
|
|a Includes bibliographical references.
|
| 588 |
0 |
|
|a Online resource; title from PDF title page (Digitalia, viewed April 10, 2023)
|
| 650 |
|
0 |
|a Civil law
|z Spain
|v Cases.
|
| 650 |
|
0 |
|a Commercial law
|z Spain
|v Cases.
|
| 700 |
1 |
|
|a Yzquierdo Tolsada, Mariano,
|e editor.
|
| 700 |
1 |
|
|a Aguilera Morales, Encarnación,
|e author.
|
| 791 |
2 |
|
|a Digitalia (Firm),
|e distributor.
|
| 793 |
0 |
|
|g Digitalia eBook Collection:
|a Dykinson Editorial
|
| 776 |
0 |
8 |
|i Print version:
|t Comentarios a las sentencias de unificación de doctrina (civil y mercantil). Volumen 12º (2020).
|d Madrid : Editorial BOE : Dykinson, S.L., [2021]
|z 9788413777412
|
| 856 |
4 |
0 |
|3 Digitalia Hispánica
|u https://www.digitaliapublishing.com/a/113546/
|
| 910 |
|
|
|a Premium collection: 2023
|